| 000 | 00520nam a22001937a 4500 | ||
|---|---|---|---|
| 005 | 20251112115010.0 | ||
| 008 | 251112b |||||||| |||| 00| 0 eng d | ||
| 020 | _a979-8-88715-108-3 | ||
| 050 |
_aTJ 778 .D86 2023 _bC.1 |
||
| 100 | _aDVORSKY ANTHONY | ||
| 245 | _aGAS TURBINES | ||
| 250 | _aFIRST EDITION | ||
| 260 |
_aUSA _bORYSON PRESS _c2023 |
||
| 300 | _aVI-298P. | ||
| 500 | _aIT HAS BIBLIOGRAPHIC INFORMATION | ||
| 650 | _afundamentals of gas engines | ||
| 700 | _aDVORSKY B. ANTHONY | ||
| 942 |
_2lcc _cBK |
||
| 999 |
_c216171 _d216171 |
||